000 00586cam a2200229 4500
001 J3461
008 090401t1939 xxu||||| |||| 00| 0 eng d
035 _a(Sirsi) u55158
041 _aeng
100 _aBomford, G.
245 4 _aThe readjustment of the Indian triangulation.
260 _aDehra Dun
_bSurvey of India
_c1939
300 _aviii109p. : ill.,maps ; 27cm.
350 _a0
490 _aProfessional Paper
_v28
650 _aINDIA
650 _aLAND SURVEYING
690 _aLAND SURVEYING
710 _aSurvey of India
_92931
942 _n0
948 _c04/03/1997
999 _c93568
_d93568